<?xml version="1.0" encoding="UTF-8"?>
<record
    xmlns:xsi="http://www.w3.org/2001/XMLSchema-instance"
    xsi:schemaLocation="http://www.loc.gov/MARC21/slim http://www.loc.gov/standards/marcxml/schema/MARC21slim.xsd"
    xmlns="http://www.loc.gov/MARC21/slim">

  <leader>00450nam a2200169   4500</leader>
  <controlfield tag="007">0000</controlfield>
  <controlfield tag="008">0000</controlfield>
  <datafield tag="040" ind1=" " ind2=" ">
    <subfield code="a">UOELD</subfield>
  </datafield>
  <datafield tag="050" ind1=" " ind2=" ">
    <subfield code="a">QC777</subfield>
    <subfield code="b">.H37</subfield>
  </datafield>
  <datafield tag="100" ind1=" " ind2=" ">
    <subfield code="a">Harvey, Bernard</subfield>
  </datafield>
  <datafield tag="245" ind1=" " ind2=" ">
    <subfield code="a">Introduction to nuclear physics and chemistry</subfield>
    <subfield code="c">Bernard, G. Harvey</subfield>
  </datafield>
  <datafield tag="260" ind1=" " ind2=" ">
    <subfield code="a">New Jersey :</subfield>
    <subfield code="b">Prentice Hall, Inc;</subfield>
    <subfield code="c">1962</subfield>
  </datafield>
  <datafield tag="300" ind1=" " ind2=" ">
    <subfield code="a">x, 370 p. : </subfield>
    <subfield code="b">ill :</subfield>
  </datafield>
  <datafield tag="500" ind1=" " ind2=" ">
    <subfield code="a">Includes Index</subfield>
  </datafield>
  <datafield tag="650" ind1=" " ind2=" ">
    <subfield code="a">Physics</subfield>
    <subfield code="x">Nuclear physics</subfield>
    <subfield code="x">Chemistry</subfield>
  </datafield>
  <datafield tag="942" ind1=" " ind2=" ">
    <subfield code="2">lcc</subfield>
    <subfield code="c">LL</subfield>
  </datafield>
  <datafield tag="999" ind1=" " ind2=" ">
    <subfield code="c">3291</subfield>
    <subfield code="d">3291</subfield>
  </datafield>
  <datafield tag="952" ind1=" " ind2=" ">
    <subfield code="0">0</subfield>
    <subfield code="1">0</subfield>
    <subfield code="2">lcc</subfield>
    <subfield code="4">0</subfield>
    <subfield code="7">0</subfield>
    <subfield code="a">UOE</subfield>
    <subfield code="b">UOE</subfield>
    <subfield code="c">GEN</subfield>
    <subfield code="d">2015-03-27</subfield>
    <subfield code="l">0</subfield>
    <subfield code="o">QC777 .H37</subfield>
    <subfield code="p">30001188</subfield>
    <subfield code="r">2026-04-27 12:04:58</subfield>
    <subfield code="t">30001188</subfield>
    <subfield code="w">2015-03-27</subfield>
    <subfield code="y">LL</subfield>
  </datafield>
</record>
